000 00929nam a2200181Ia 4500
008 151202s9999||||xx |||||||||||||| ||und||
082 _bPNVM-74346
100 _aढवळे विजय.
245 _aकॅनेडियन मिसळ- विविध विषयांवर खुसखुशीत व माहितीपूर्ण लेख.
260 _b"नवचैतन्य प्रकाशन,बोरोवली."
260 _c74346
300 _a248
600 _aढवळे विजय.
630 _aकॅनेडियन मिसळ- विविध विषयांवर खुसखुशीत व माहितीपूर्ण लेख.
700 _aढवळे विजय.
730 _aकॅनेडियन मिसळ- विविध विषयांवर खुसखुशीत व माहितीपूर्ण लेख.
942 _cBOOK
999 _c1341007
_d1341004